[Event "GER-ch U10"]
[Site "Willingen"]
[Date "2008.05.11"]
[Round "7"]
[White "Hoesch, Peter"]
[Black "Wagner, Swenja"]
[Result "1-0"]
[WhiteElo "1340"]
[BlackElo "832"]
[PlyCount "65"]
[EventDate "2008.05.11"]
[EventType "swiss"]
[EventRounds "11"]
[EventCountry "GER"]
[SourceTitle "CBM 124 Extra"]
[Source "ChessBase"]
[SourceDate "2008.07.03"]
[SourceVersion "1"]
[SourceVersionDate "2008.07.03"]
[SourceQuality "1"]

1. e4 e5 2. f4 exf4 3. Nf3 Nf6 4. Nc3 Nc6 5. d4 d5 6. e5 Ne4 7. Qd3 Bf5 8. a3 Qd7 9. Bxf4 Be7 10. Qb5 0-0-0 11. Ng5 Bxg5 12. Bxg5 Nxg5 13. 0-0-0 a6 14. Qb3 Ne6 15. Na4 Nexd4 16. Qe3 Bxc2 17. Rxd4 Nxd4 18. Nc5 Qg4 19. Be2 Qxg2 20. Rg1 Qxh2 21. Rxg7 Rhg8 22. Bg4+ Kb8 23. Nd7+ Rxd7 24. Rxg8+ Ka7 25. Qxd4+ b6 26. Bxd7 Qh1+ 27. Kxc2 Qh2+ 28. Kb3 Qh3+ 29. Bxh3 c6 30. Qg4 c5 31. Qc8 c4+ 32. Kc3 h6 33. Qb8# 1-0

[Event "GER-ch U10"]
[Site "Willingen"]
[Date "2008.05.11"]
[Round "4"]
[White "Janke, Hendrik"]
[Black "Hoesch, Peter"]
[Result "1-0"]
[WhiteElo "999"]
[BlackElo "1340"]
[PlyCount "63"]
[EventDate "2008.05.11"]
[EventType "swiss"]
[EventRounds "11"]
[EventCountry "GER"]
[SourceTitle "CBM 124 Extra"]
[Source "ChessBase"]
[SourceDate "2008.07.03"]
[SourceVersion "1"]
[SourceVersionDate "2008.07.03"]
[SourceQuality "1"]

1. e4 e5 2. Nf3 Nc6 3. Be2 Nf6 4. d3 Bc5 5. Nc3 h6 6. 0-0 0-0 7. Be3 Bxe3 8. fxe3 Ng4 9. Qd2 f5 10. exf5 Rxf5 11. h3 Nf6 12. Nh4 Rxf1+ 13. Rxf1 d5 14. Bf3 Be6 15. Ng6 Kh7 16. Nh4 Qd7 17. Kh2 d4 18. exd4 exd4 19. Ne4 Bxa2 20. Nxf6+ gxf6 21. Be4+ Kg7 22. Nf5+ Kh8 23. Qxh6+ Kg8 24. Qg6+ Kf8 25. Qxf6+ Qf7 26. Qh8+ Qg8 27. Nh6+ Bf7 28. Qxg8+ Ke7 29. Qxf7+ Kd6 30. Qd5+ Ke7 31. Rf7+ Ke8 32. Qd7# 1-0